15 Largest Cities on Every Continent - Statistics

General Stats
  • This quiz has been taken 1,256 times
    293 since last reset
  • The average score is 71 of 90
Answer Stats
Continent Pos Population Country City % Correct
Europe 3 9,8 million United Kingdom London
100%
Europe 4 6,8 million Spain Madrid
100%
Europe 1 12,7 million Russia Moscow
100%
Europe 2 11,3 million France Paris
100%
Europe 5 5,7 million Spain Barcelona
99%
Europe 8 3,5 million Germany Berlin
99%
Europe 11 3,0 million Portugal Lisbon
99%
Europe 7 4,3 million Italy Rome
99%
Europe 10 3,1 million Greece Athens
98%
Europe 13 2,7 million Ukraine Kyiv
98%
Europe 9 3,1 million Italy Milan
98%
Asia 1 37,9 million Japan Tokyo
98%
Asia 2 34,6 million India Delhi
97%
Europe 12 2,8 million United Kingdom Manchester
97%
Europe 6 5,5 million Russia Saint Petersburg
96%
Asia 5 22,5 million China Beijing
94%
Africa 1 23,0 million Egypt Cairo
94%
Asia 10 16,2 million Türkiye Istanbul
94%
Asia 12 15,2 million Philippines Manila
93%
North America 1 22,7 million Mexico Mexico City
93%
Asia 6 22,0 million India Mumbai
93%
Asia 3 30,4 million China Shanghai
93%
Europe 14 2,7 million United Kingdom Birmingham
92%
North America 7 3,9 million United States Los Angeles
92%
Europe 15 2,1 million Italy Naples
92%
North America 2 8,1 million United States New York City
92%
South America 3 13,9 million Brazil Rio de Janeiro
92%
South America 2 15,7 million Argentina Buenos Aires
91%
Africa 12 5,0 million South Africa Cape Town
90%
Africa 7 6,4 million South Africa Johannesburg
90%
Oceania 2 5,2 million Australia Sydney
90%
North America 3 6,4 million Canada Toronto
90%
South America 4 11,7 million Colombia Bogotá
89%
Asia 4 24,6 million Bangladesh Dhaka
89%
South America 5 11,5 million Peru Lima
89%
Asia 7 18,9 million Japan Osaka
89%
South America 1 22,9 million Brazil São Paulo
89%
Africa 3 17,1 million Nigeria Lagos
88%
Africa 11 5,7 million Kenya Nairobi
88%
South America 6 6,9 million Chile Santiago
88%
North America 12 2,7 million United States Chicago
87%
Oceania 1 5,3 million Australia Melbourne
87%
Oceania 4 2,1 million Australia Perth
87%
North America 13 2,7 million Canada Vancouver
87%
North America 6 4,3 million Canada Montreal
86%
Oceania 11 427,516 New Zealand Wellington
86%
Africa 10 5,8 million Egypt Alexandria
85%
Oceania 5 1,7 million New Zealand Auckland
85%
Africa 2 17,7 million D.R. Congo Kinshasa
85%
North America 11 3,1 million Haiti Port-au-Prince
84%
North America 10 3,2 million Guatemala Guatemala City
83%
Asia 9 18,0 million Pakistan Karachi
83%
South America 8 4,9 million Brazil Brasília
81%
Africa 5 8,5 million Tanzania Dar es Salaam
81%
Asia 13 14,8 million China Guangzhou
81%
Africa 9 5,9 million Ethiopia Addis Ababa
80%
Asia 11 15,8 million India Kolkata
80%
North America 8 3,6 million Dominican Republic Santo Domingo
80%
Oceania 3 2,5 million Australia Brisbane
79%
Africa 6 6,7 million Sudan Khartoum
78%
South America 15 3,6 million Paraguay Asuncion
77%
Oceania 8 482,986 Australia Canberra
77%
North America 4 5,5 million Mexico Guadalajara
77%
Africa 4 10,9 million Angola Luanda
75%
Oceania 6 1,3 million Australia Adelaide
74%
South America 12 4,1 million Colombia Medellín
74%
Asia 14 14,8 million Pakistan Lahore
72%
Oceania 10 431,903 Papua New Guinea Port Moresby
69%
North America 14 2,4 million Puerto Rico (USA) San Juan
69%
Oceania 12 410,423 New Zealand Christchurch
67%
North America 5 5,2 million Mexico Monterrey
67%
Africa 13 4,8 million Cameroon Yaounde
67%
South America 7 6,3 million Brazil Belo Horizonte
64%
Africa 8 6,0 million Cote d'Ivoire Abidjan
59%
North America 15 2,3 million Mexico Tijuana
58%
Asia 8 18,1 million China Chongqing
56%
South America 9 4,3 million Brazil Recife
56%
South America 11 4,2 million Brazil Porto Alegre
54%
Africa 14 4,6 million Nigeria Kano
52%
South America 13 4,0 million Brazil Salvador
50%
Oceania 7 752,570 Australia Gold Coast
49%
Asia 15 14,7 million China Tianjin
49%
South America 10 4,2 million Brazil Fortaleza
47%
North America 9 3,4 million Mexico Puebla
44%
Africa 15 4,3 million Cameroon Douala
41%
South America 14 3,8 million Brazil Curitiba
37%
Oceania 9 469,794 Australia Newcastle
27%
Oceania 14 318,535 Australia Wollongong
20%
Oceania 15 282,673 Australia Logan City
2%
Oceania 13 362,000 New Zealand Manukau City
2%
No matching quizzes found
Score Distribution
Percent of People with Each Score
Percentile by Number Answered
Your Score History
You have not taken this quiz since the last reset